000 00625cam a2200205 a 4500
001 2051109
005 20250619141409.0
008 930506s1993 ilu b 001 0deng
020 _a0891077294
050 0 0 _aBR1640
_b.M243 1993
082 0 0 _a270.8/2
_220
100 1 _aMacArthur, John,
_d1939-
245 1 0 _aAshamed of the Gospel :
_bwhen the Church becomes like the world /
_cJohn F. MacArthur, Jr.
260 _aWheaton, Ill. :
_bCrossway Books,
_cc1993.
300 _a254 p. ;
_c24 cm.
650 0 _aEvangelicalism.
650 0 _aChurch and the world.
650 0 _aModernism (Christian theology)
942 _2lcc
_cBK
_n0
999 _c6604
_d6604